MDQL
is popping MORE tags! Check the
thread
!
Quizzes
Events
Quiz Creation
Community
Videos
Private Events
Remove Ads
Sign In
Join for FREE
Feedback
Dark Mode
Quiz Categories
Sports
Geography
Music
Movies
Television
Just For Fun
Miscellaneous
History
Literature
Language
Science
Gaming
Entertainment
Religion
Holiday
For Kids
Quiz Lab
Recent
Popular Today
Quiz Kudos Today
Editor Picks
Curator Picks
Quizzes by...
Day
Popularity
Type
Ratings
Length
Year
Community
Subscriptions
Recent Discussions
Orange Saloon
Badges
Playlists
Quests
Create
Leaderboards
Showdown
Live 5
Trivia Bingo
Activity
Puzzle Library
Sporcle Events
Private Events
Virtual Trivia
Globe League
Become a Host
Pub Owners
SporcleCon
Opinionation
Our Games
Videos
Blog
Mobile Apps
Partnerships
Remove Ads and Go Orange
Feedback
Just For Fun
Clickable
Get the Picture
Humor
Quick Pick
Word Ladder
Missing Word
Mixed Word
Blitz
Minefield
This or That
Alphabet
Color
Typing
Sporcle
Puzzle
Word Play
Follow That Line
Logic
Just For Fun
Clickable
Get the Picture
Humor
Quick Pick
Word Ladder
Missing Word
Mixed Word
Blitz
Minefield
This or That
Alphabet
Color
Typing
Sporcle
Puzzle
Word Play
Follow That Line
Logic
Random Quiz
Search Sporcle
×
Quiz Lab
Quiz Lab
Just For Fun
tds
Type in answers that appear in a list
Type in answers that appear in a list
Classic
Best Score? Go Orange.
T.D. Stats
Can you name the T.D.s with only 2 word clues?
By
baseballnut24
5m
30 Questions
9 Plays
9 Plays
9 Plays
Comments
Comments
Give Quiz Kudos
Give Quiz Kudos
-
- Ratings
hide this ad
Replay
Link that replays current quiz
Next Quiz
Link to next quiz in quiz playlist
You Got
0%
They Got
Avg Score
41%
Avg Friend Score
Upgrade to see
Score Distribution
Jump to the score distribution portion of the page
Score
0/30
Timer
05:00
0
Plays Today
Hint
Answer
% Correct
.......This Wall!
Tear Down
77.8%
......of Christmas
Twelve Days
66.7%
Colorful Shirt
Tye Dye
66.7%
Spur Superstar
Tim Duncan
55.6%
Broncos RB
Terrell Davis
55.6%
......and Handsome
Tall, Dark....
55.6%
Six Points!
Touchdown
55.6%
.....Night (band)
Three Dog
55.6%
TV Bartender
Ted Danson
44.4%
Fight Club
Tyler Durden
44.4%
Olajuwon Nickname
The Dream
44.4%
Wonderland twin
Tweedle Dee
44.4%
Other twin
Tweedle Dum
44.4%
Defeats Truman!
Thomas Dewey
44.4%
Living Daylights
Timothy Dalto
44.4%
Hint
Answer
% Correct
Big Band
Tommy Dorsey
33.3%
TV Pilot
Tim Daly
33.3%
Cagney Lacy
Tyne Daly
33.3%
Cowboys RB
Tony Dorsett
33.3%
Blinded Science
Thomas Dolby
33.3%
Lebowski Nickname
The Dude
33.3%
John Wayne
The Duke
33.3%
Denzel Flick
Training Day
33.3%
TV Housekeeper
Tony Danza
33.3%
Hang head
Tom Dooley
22.2%
Stella Groove
Taye Diggs
22.2%
Bishop Jakes
T.D.
22.2%
Steelers Coach
Tony Dungy
22.2%
Elton song
Tiny Dancer
22.2%
Sad liquid
Tear Drop
22.2%
Quiz Playlist
Details
Report
Send in Message
Add To Playlist
Classic:
Type in answers that appear in a list
Last Updated: Feb 16, 2017
Quiz Scoreboard
CHALLENGE
Sign Up to Join the Scoreboard
Show All
Scores
Hide
Comments
May contain spoilers
Recently Published
Image Sorting: Flags VI
by Barbecue
Geography
2m
Find the 'City' Movie
by crazypaving
Movies
60s
Colored Red Africa Blitz
by spor1
Geography
45s
More to Explore
Quiz From the Vault
Featured Blog Post
14 Easter Pick-up Lines to Find Eggs With
hide this ad
You Might Also Like...
Tags
tds
Today's Top Quizzes in Just For Fun
Browse Just For Fun
hide this ad
Today's Top Quizzes in tds
Browse tds
Top Contributed Quizzes in Just For Fun
1
Name Just One - 10 to 1: Just For Fun
2
Missing Word: 2-Letter A-Z II
3
Avatar the Last Airbender: Logic Puzzle
4
Missing Letter Whitney Houston Songs
5
It's Magic / Witchcraft 🎩🪄🧙♀️
6
Survivor Winners Logic Puzzle
7
Missing Word: 'Of' Things A-Z
8
Killer Double Trees 224 - Colour Match-Up
9
Click the Differences: Playground
10
Missing Word: 'Of' Things A-Z II
Explore More
Trending Topics
Crossword
Harry Potter
Disney
NBA
Marvel
Kpop
Anime
Pokémon
NFL
WWE
Country
The Office
Puzzle
Song
Soccer
hide this ad
More By:
baseballnut24
Quiz
Plays
Rating
Category
Featured
Created
T.D.
9
Just For Fun
Dec 17, 2014
Go to Creator's Profile
Score Distribution
Quiz Creator Spotlight
baseballnut24
Follow
Send a Message
Quizzes Created
-
Created Quiz Play Count
-
More By This Creator
Popular Quizzes Today
1
Colored Red Africa Blitz
2
Find the US States - No Outlines Minefield
3
Find the 'City' Movie
4
5x2 Blitz: Bands
5
The Countries of the World
6
Find the US States
7
Find the Countries of Europe - No Outlines Minefield
8
US States
More Just For Fun Quizzes
Quick Pick: Asian Dictators
Published
Trending Quizzes
Colored Red Europe Blitz I
Colored Red Europe Blitz II
Colored Red Africa Blitz II
Colored Red Europe Blitz III
Colored Red Africa Blitz III
Recently Updated
How Do You Spell That?
pecheneg
Godzilla Movies
pecheneg
Grab Bag: 4-10 Letters
pecheneg
2024 March Madness Bracket
pecheneg
Famous TV Couples
Peacemaker
Champions League XIs: Real Madrid
pecheneg
Largest US Cities 1790-2010
pecheneg
Rides in Walt Disney World
pecheneg
Most Oscar Losses (Acting)
pecheneg
Beyoncé Albums
pecheneg
Trending Topics
Disney
Kpop
NBA
Harry Potter
Crossword
Marvel
Anime
Pokémon
Soccer
Puzzle
Country
NFL
Song
WWE
The Office
Your Account Isn't Verified!
In order to create a playlist on Sporcle, you need to verify the email address you used during registration. Go to your
Sporcle Settings
to finish the process.
Report this User
Report this user for behavior that violates our
Community Guidelines
.
Details:
Send Report
Go to the Sporcle.com Mobile Site →
Comments